000 00648nam a2200229 4500
001 62729
003 BD-RjUL
005 20211209081121.0
008 170125s2015 ii ||||| |||| 00| 0 eng d
020 _a9788123925844
035 _a(BD-RjUL)62856
040 _beng
_cBD-RjUL
041 _aeng
082 _223
_a614.4
_bDEF 2015
100 _aDeepti, Shyam Sunder
_9186462
245 _aFundamentals of epidemiology and biostatistics/
_cShyam Sunder Deepti
260 _aNew Delhi :
_bCBS Publisher & Distributors Pvt Ltd.,
_c2015.
300 _a137p.;
_c24cm.
500 _aIncludes Index
650 _aEpidemiology
_9186463
942 _2ddc
_cBK
999 _c62729
_d62729